Statistics for A-Z Doctor Who Monsters

Click here to take the quiz!

General Stats

  • This quiz has been taken 137 times
  • The average score is 12 of 26

Answer Stats

Episode Answer % Correct
DDoomsdayDalek
94%
WBlinkWeeping Angels
84%
ZThe Day of the DoctorZygon
81%
MLast of the Time LordsThe Master
78%
ARoseAuton
75%
OThe Impossible PlanetOod
72%
VSilence in the LibraryVashta Nerada
64%
ICold WarIce Warrior
64%
SWorld War ThreeSlitheen
61%
RFather's DayReaper
57%
BThe Satan PitBeast
56%
KSchool ReunionKrillitane
50%
FThe Waters of MarsFlood
49%
GThe Unquiet DeadGelth
48%
HVoyage of the DamnedHeavenly Host
43%
CThe Shakespeare CodeCarrionite
42%
PSmith and JonesPlasmavore
38%
TTurn LeftTime Beetle
26%
YThe Web of FearYeti
25%
EThe Long GameEditor
23%
LTerror of the ZygonsLoch Ness Monster
17%
JCity of DeathJagaroth
16%
QThe DominatorsQuark
15%
NThe Invisible EnemyNucleus of the Swarm
7%
XThe Space MuseumXeron
5%
UThe Pandorica OpensUvodni
4%

Score Distribution

Percentile by Number Answered

Percent of People with Each Score

Your Score History

You have not taken this quiz